| 000 | 00451nam a22001457a 4500 | ||
|---|---|---|---|
| 005 | 20250313210435.0 | ||
| 008 | 250313b |||||||| |||| 00| 0 eng d | ||
| 050 |
_aKRX78 _b.B87 2004 |
||
| 100 | _aGhartey, Joe | ||
| 245 |
_aDoing Business and Investment in Ghana : Legal and Constitutional Framework _cGhartey, Joe |
||
| 260 |
_aAccra ; _bJanel Publicstions Ltd. _cc2004 |
||
| 300 | _axxxvii, 335 p, ; | ||
| 500 | _aIncludes index | ||
| 942 |
_2ddc _cBK _n0 |
||
| 999 |
_c4777 _d4777 |
||